Lo que la vida enseña (Record no. 125308)

MARC details
000 -LEADER
campo de control de longitud fija 00484nam a2200157 i 4500
001 - NÚMERO DE CONTROL
campo de control 125308
003 - IDENTIFICADOR DE NÚMERO DE CONTROL
campo de control ES-MaACL
007 - CAMPO FIJO DE DESCRIPCIÓN FÍSICA--INFORMACIÓN GENERAL
campo de control de longitud fija t|
008 - DATOS DE LONGITUD FIJA--INFORMACIÓN GENERAL
campo de control de longitud fija 070601s1970 mx ||||1| spa d
245 00 - MENCIÓN DEL TÍTULO
Título Lo que la vida enseña
Resto del título : veinte autobiografías contemporáneas /
Mención de responsabilidad, etc. compilación de Norman Cousins.
250 ## - MENCION DE EDICION
Mención de edición 1ª ed. en español.
260 ## - PUBLICACIÓN, DISTRIBUCIÓN, ETC.
Lugar de publicación, distribución, etc. México :
Nombre del editor, distribuidor, etc. Edit. Pax,
Fecha de publicación, distribución, etc. [1970]
300 ## - DESCRIPCIÓN FÍSICA
Extensión 329 p. ;
Dimensiones 21 cm.
700 1# - ENTRADA AGREGADA--NOMBRE PERSONAL
Nombre de persona Cousins, Norman.
9 (RLIN) 41310
852 ## - LOCALIZACIÓN
Ubicación ES-MaACL
Número de control de estantería E-9964
Sublocalización o colección R.93662
Holdings
Estatus retirado Estado de pérdida Estado de daño No para préstamo Biblioteca de origen Biblioteca actual Ubicación en estantería Fecha de adquisición Fuente de adquisición Total de préstamos Signatura topográfica completa Código de barras Visto por última vez Precio de reemplazo Tipo de ítem Koha
        Biblioteca del Ateneo de Madrid Biblioteca del Ateneo de Madrid Depósito 2 17/01/2008     E-9964 1130542 23/02/2023 23/02/2023 Libro impreso